000 00894cam a2200289 a 4500
999 _c729
_d729
001 4275108
003 GZU
005 20200911103636.0
008 840613s1980 rh abf b 001 0 eng c
010 _a 84672873
020 _a0869221485
040 _aMH
_cMH
_dDLC
043 _af-rh---
050 1 4 _aDT962.42
_b.BEA 1980c
100 1 _aBeach, D. N.
_eauthor
240 1 0 _aShona & Zimbabwe 900-1850
245 1 4 _aThe Shona and Zimbabwe, 900-1850 :
_ban outine of Shona history /
_cby D.N. Beach.
260 _aGwelo :
_bMambo,
_c1980.
300 _axviii, 427 p., [2] p. of plates :
_bill., maps ;
_c22 cm.
440 0 _aZambeziana ;
_vv. 9
500 _aIncludes index.
504 _aBibliography: p. [393]-412.
650 0 _aShona (African people)
_xHistory.
651 0 _aZimbabwe
_xHistory.
906 _a7
_bcbc
_corignew
_du
_encip
_f19
_gy-gencatlg
942 _2lcc
_cBK
_h962.42
_iBEA
_kDT